| 000 | 00989nam a2200289 i 4500 | ||
|---|---|---|---|
| 001 | 47832 | ||
| 003 | ES-MaACL | ||
| 005 | 20230906161637.0 | ||
| 007 | t| | ||
| 008 | 030529s2001 sp ||||0| spa | ||
| 020 | _a84-483-0608-2 | ||
| 080 | _a929 Agustín, Santo, Obispo de Hipona | ||
| 100 | 1 |
_aBrown, Peter Robert Lamont. _932019 |
|
| 245 | 1 | 0 |
_aAgustín de Hipona / _cPeter Brown ; traducción de Santiago Tovar y Mª Rosa Tovar (revisada) ; traducción del texto nuevo, de John Oldfield. |
| 250 |
_aNueva ed. _bcon un epílogo del autor. |
||
| 260 |
_aMadrid : _bAcento, _c2001. |
||
| 300 |
_a654 p : _bmapas ; _c23 cm. |
||
| 490 | 1 | _aLas luces | |
| 504 | _aBibliografía: p. 531-545. | ||
| 600 | 0 | 4 |
_aAgustín _cSanto, Obispo de Hipona- _xBiografías. _918920 |
| 700 | 1 |
_aTovar, Santiago. _9111174 |
|
| 700 | 1 |
_aTovar, María Rosa. _9111171 |
|
| 700 | 1 |
_aOlfield, John. _986710 |
|
| 830 | 1 |
_aLas luces _9182219 |
|
| 852 |
_aES-MaACL _jL-26371 |
||
| 999 |
_c47832 _d47832 |
||